000
00168nam a22000857a 4500
082
_a
621.37KOR
100
_a
Koritsky Y U
245
_a
Electrical engineering
942
_c
BK
999
_c
15231
_d
15231